Adoramus Te časopis o duchovnej hudbe
| Previous Title: | Adoremus |
|---|---|
| Format: | Journal |
| Language: | Slovak Czech |
| PhysicalDescription: | zv. noty 31 cm |
| Published: |
Trnava
Spolok sv. Vojtecha
1998-
Trnava Spolok sv. Vojtecha Ružomberok Ústav hudobného umenia, vedy a sakrálnej hudby pri PF Katolíckej univerzity v Ružomberku Spišský Hrhov Liturgická komisia Spišskej diecézy v Ružomberku Hudobná subkomisia Liturgickej komisie Konferencie biskupov Slovenska Ústav hudobného umenia, vedy a sakrálnej hudby PF KU Spišské Podhradie Ústav sakrálneho umenia TI TF KU v Spišskej Kapitule Ružomberok ADORAMUS TE |
| ISSN: | 1335-3292 |
| Subjects: | |
| Online Access: | http://www.spevnik.sk/2publikacie.htm |
MARC
| LEADER | 00000cas a2200000 a 4500 | ||
|---|---|---|---|
| 001 | vtls008425341 | ||
| 003 | SK-MaSNL | ||
| 005 | 20260228160941.0 | ||
| 008 | 141104c19989999xo qr|p 0 b0slo | ||
| 022 | |a 1335-3292 | ||
| 035 | |a (SVKBB03)vtls000041785 | ||
| 040 | |a SVKPO |b slo |c SVKPO |d SVKBB |d SNK |d SAVUK |e AACR2 | ||
| 041 | 0 | |a slo |a cze |b ger |b eng | |
| 044 | |a xo |c SK | ||
| 072 | 7 | |a 783 |x Cirkevná hudba. Duchovná hudba. Náboženská hudba |2 konspekt | |
| 072 | 7 | |a 681 |x Presná mechanika a prístroje. Hudobné nástroje |2 konspekt | |
| 080 | |a 783.2 |2 2011 | ||
| 080 | |a 050 |2 2011 | ||
| 080 | |a 681.816.61 |2 2011 | ||
| 080 | |a 78.087.68 |2 2011 | ||
| 080 | |a 2(051) |2 2011 | ||
| 210 | 0 | |a Ador. Te | |
| 222 | 0 | |a Adoramus Te | |
| 245 | 0 | 0 | |a Adoramus Te |b časopis o duchovnej hudbe |
| 260 | |a Trnava |b Spolok sv. Vojtecha |c 1998- | ||
| 260 | 2 | |3 2004-3/2008 |a Trnava |b Spolok sv. Vojtecha |b Ružomberok |b Ústav hudobného umenia, vedy a sakrálnej hudby pri PF Katolíckej univerzity v Ružomberku | |
| 260 | 2 | |3 4/2008-4/2014 |a Spišský Hrhov |b Liturgická komisia Spišskej diecézy | |
| 260 | 2 | |3 2015- |a v Ružomberku |b Hudobná subkomisia Liturgickej komisie Konferencie biskupov Slovenska |b Ústav hudobného umenia, vedy a sakrálnej hudby PF KU | |
| 260 | 3 | |3 ?-1-2019 |a Spišské Podhradie |b Ústav sakrálneho umenia TI TF KU v Spišskej Kapitule | |
| 260 | 3 | |3 2/2019- |a Ružomberok |b ADORAMUS TE | |
| 300 | |a zv. |b noty |c 31 cm | ||
| 310 | |a 4x ročne | ||
| 362 | 0 | |a Roč. 1, č. 1 (1998)- | |
| 500 | |a Po č. 1/2001 vychádzal ako príloha časopisu Liturgia | ||
| 500 | |a Reg. č.: MK SR 314/90 | ||
| 500 | |a Zodp. red. sa menia | ||
| 500 | |a Evidenčné číslo: EV 3467/09 | ||
| 500 | |a Zodpovedný redaktor: Amantius Akimjak | ||
| 546 | |a Čiast. text aj čes.; res. nem., res. angl. | ||
| 550 | |a 1998-č. 2/2001 vydáva Spolok sv. Vojtecha, Trnava pre Hudobnú sekciu Slovenskej liturgickej komisie pri Konferencii biskupov Slovenska | ||
| 550 | |a Č. 3/2001-č. 2/2004 vydáva pre Hudobnú sekciu Liturgickej komisie Konferencie biskupov Slovenska Spolok sv. Vojtecha | ||
| 550 | |a Č. 3/2004-č. 3/2008 pre Hudobnú sekciu Liturgickej komisie Konferencie biskupov Slovenska vydáva Ústav hudobného umenia, vedy a sakrálnej hudby pri PF Katolíckej univerzity v Ružomberku a SSV, Trnava | ||
| 550 | |a Č. 4/2008-4/2014 pre Hudobnú sekciu Liturgickej komisie Konferencie biskupov Slovenska v spolupráci s Ústavom hudobného umenia, vedy a sakrálnej hudby vydáva Litugická komisia Spišskej diecézy | ||
| 650 | 0 | 7 | |a duchovná hudba |2 SNKPH |9 1749 |
| 650 | 0 | 7 | |a liturgická hudba |2 SNKPH |9 1750 |
| 650 | 0 | 7 | |a historické organy |2 SNKPH |9 31187 |
| 650 | 0 | 7 | |a Sacred vocal music |2 SNKPHeng |9 267667 |
| 650 | 0 | 7 | |a Sacred music |2 SNKPHeng |9 267668 |
| 650 | 0 | 7 | |a spevácke zbory |2 SNKPH |9 3197 |
| 655 | 7 | |a náboženské časopisy |2 SNKPH |9 70790 | |
| 700 | 1 | |a Akimjak, Amantius, |d 1961- |4 lso |9 112858 | |
| 710 | 2 | |a Katolícka cirkev. |b Konferencia biskupov Slovenska. |b Liturgická komisia. |b Hudobná sekcia |4 pbl |9 182788 | |
| 752 | |a Slovensko |d Ružomberok | ||
| 772 | 0 | |t Liturgia |x 1210-0676 |w vtls001472235 | |
| 780 | 0 | 0 | |t Adoremus |w vtls008884387 |
| 856 | 4 | |u http://www.spevnik.sk/2publikacie.htm | |
| 910 | |a snk | ||
| 910 | |a savuk | ||
| 910 | |a svkbb | ||
| 910 | |a svkpo | ||
| 916 | |a 1998-2013,2014-2018, 2019-2020, 2021 | ||
| 999 | |c 3982 |d 5912 | ||
| 952 | |0 0 |1 0 |4 0 |7 0 |a SNK |b SNK |d 2009-03-31 |i snkČSP 2326/2001 |l 0 |o snkČSB 5154/2/1999 D1 |p 17A0614236 |r 2026-02-21 19:31:02 |t č. 1-4 |w 2026-02-21 |y PREZ | ||
| 952 | |0 0 |1 0 |4 0 |7 0 |8 0 |a SNK |b SNK |d 2014-10-31 |f 1 |i snk2014/23757 |l 0 |o snkČSB 5154/11/2008 |p 17A1089359 |r 2026-02-21 19:45:16 |t č. 1-4 |w 2026-02-21 |y PREZ | ||
| 952 | |0 0 |1 0 |4 0 |7 0 |8 0 |a SNK |b SNK |d 2014-10-31 |f 1 |i snk2014/23769 |l 0 |o snkČSB 5154/12/2009 |p 17A1089360 |r 2026-02-21 19:45:16 |t č. 1-4 |w 2026-02-21 |y PREZ | ||
| 952 | |0 0 |1 0 |4 0 |7 0 |8 0 |a SNK |b SNK |d 2014-10-31 |f 1 |i snk2014/23779 |l 0 |o snkČSB 5154/13/2010 |p 17A1089366 |r 2026-02-21 19:45:16 |t č. 1-4 |w 2026-02-21 |y PREZ | ||
| 952 | |0 0 |1 0 |4 0 |7 0 |8 0 |a SNK |b SNK |d 2014-10-31 |f 1 |i snk2014/23780 |l 0 |o snkČSB 5154/14/2011 |p 17A1089365 |r 2026-02-21 19:45:16 |t č. 1-4 |w 2026-02-21 |y PREZ | ||
| 952 | |0 0 |1 0 |4 0 |7 0 |8 0 |a SNK |b SNK |d 2014-10-31 |f 1 |i snk2014/23781 |l 0 |o snkČSB 5154/15/2012 |p 17A1089361 |r 2026-02-21 19:45:16 |t č. 1-4 |w 2026-02-21 |y PREZ | ||
| 952 | |0 0 |1 0 |4 0 |7 0 |8 0 |a SNK |b SNK |d 2014-10-31 |f 1 |i snk2014/23784 |l 0 |o snkČSB 5154/16/2013 |p 17A1089362 |r 2026-02-21 19:45:20 |t č. 1-4 |w 2026-02-21 |y PREZ | ||
| 952 | |0 0 |1 0 |4 0 |7 0 |8 0 |a SNK |b SNK |d 2014-10-31 |i snk2014/23787 |l 0 |o snkČSB 5154/11/2008 D1 |p 17A1089363 |r 2026-02-21 19:45:20 |t č. 1-4, neúpl. |w 2026-02-21 |y PREZ |z chýba č. 3 | ||
| 952 | |0 0 |1 0 |4 0 |7 0 |8 0 |a SNK |b SNK |d 2014-10-31 |i snk2014/23788 |l 0 |o snkČSB 5154/12/2009 D1 |p 17A1089364 |r 2026-02-21 19:45:20 |t č. 1-4 |w 2026-02-21 |y PREZ | ||
| 952 | |0 0 |1 0 |4 0 |7 0 |8 0 |a SNK |b SNK |d 2014-10-31 |i snk2014/23789 |l 0 |o snkČSB 5154/13/2010 D1 |p 17A1089354 |r 2026-02-21 19:45:20 |t č. 1-4, neúpl. |w 2026-02-21 |y PREZ |z chýbajú č. 1, 2 | ||
| 952 | |0 0 |1 0 |4 0 |7 0 |8 0 |a SNK |b SNK |d 2014-10-31 |i snk2014/23790 |l 0 |o snkČSB 5154/14/2011 D1 |p 17A1089355 |r 2026-02-21 19:45:20 |t č. 1-4 |w 2026-02-21 |y PREZ | ||
| 952 | |0 0 |1 0 |4 0 |7 0 |8 0 |a SNK |b SNK |d 2014-10-31 |i snk2014/23791 |l 0 |o snkČSB 5154/15/2012 D1 |p 17A1089357 |r 2026-02-21 19:45:20 |t č. 1-4, neúpl. |w 2026-02-21 |y PREZ |z chýbajú č. 1, 4 | ||
| 952 | |0 0 |1 0 |4 0 |7 0 |8 0 |a SNK |b SNK |d 2014-10-31 |i snk2014/23792 |l 0 |o snkČSB 5154/16/2013 D1 |p 17A1089358 |r 2026-02-21 19:45:20 |t č. 1-4 |w 2026-02-21 |y PREZ | ||
| 952 | |0 0 |1 0 |4 0 |7 0 |a SNK |b SNK |d 2012-09-24 |i snkČSP 2332/2001 |l 0 |o snkČSB 5154/1/1998 D1 |p 17A1019728 |r 2026-02-21 19:53:30 |t č. 1-4 |w 2026-02-21 |y PREZ | ||
| 952 | |0 0 |1 0 |4 0 |7 0 |8 0 |a SNK |b SNK |d 2021-07-30 |f 1 |i snk2021/9524 |l 0 |o snkČSB 5154/22/2019 |p 17A1435392 |r 2026-02-21 19:58:38 |t č. 1-4 |w 2026-02-21 |y PREZ | ||
| 952 | |0 0 |1 0 |4 0 |7 0 |8 0 |a SNK |b SNK |d 2021-07-30 |f 1 |i snk2021/9525 |l 0 |o snkČSB 5154/23/2020 |p 17A1435393 |r 2026-02-21 19:58:38 |t č. 1-4 |w 2026-02-21 |y PREZ | ||
| 952 | |0 0 |1 0 |4 0 |7 0 |8 0 |a SNK |b SNK |d 2021-11-26 |i snk2021/19267 |l 0 |o snkČSB 5154/22/2019 D1 |p 17A1436281 |r 2026-02-21 20:01:25 |t č. 1-4 |w 2026-02-21 |y PREZ | ||
| 952 | |0 0 |1 0 |4 0 |7 0 |8 0 |a SNK |b SNK |d 2021-11-26 |i snk2021/19268 |l 0 |o snkČSB 5154/23/2020 D1 |p 17A1436282 |r 2026-02-21 20:01:25 |t č. 1-4 |w 2026-02-21 |y PREZ | ||
| 952 | |0 0 |1 0 |4 0 |7 0 |8 0 |a SNK |b SNK |d 2022-09-07 |f 1 |i snk2022/13486 |l 0 |o snkČSB 5154/24/2021 |p 17A1463939 |r 2026-02-21 20:01:50 |t č. 1-4 |w 2026-02-21 |y PREZ | ||
| 952 | |0 0 |1 0 |4 0 |7 0 |8 0 |a SNK |b SNK |d 2009-08-24 |i snk2009/15466 |l 0 |o snkČSB 5154/8/2005 D1 |p 17A0609676 |r 2026-02-21 20:16:09 |t č. 1-4 |w 2026-02-21 |y PREZ | ||
| 952 | |0 0 |1 0 |4 0 |7 0 |8 0 |a SNK |b SNK |d 2009-08-24 |f 1 |i snk2009/15460 |l 0 |o snkČSB 5154/7/2004 |p 17A0609673 |r 2026-02-21 20:22:21 |t č. 1-4 |w 2026-02-21 |y PREZ | ||
| 952 | |0 0 |1 0 |4 0 |7 0 |a SNK |b SNK |d 2014-11-03 |f 1 |i snkČSP 2327/2001 |l 0 |o snkČSB 5154/3/2000 |p 17A0896764 |r 2026-02-21 20:32:34 |t č. 1-4 |w 2026-02-21 |y PREZ | ||
| 952 | |0 0 |1 0 |4 0 |7 0 |8 0 |a SNK |b SNK |d 2009-08-24 |f 1 |i snk2009/15464 |l 0 |o snkČSB 5154/8/2005 |p 17A0609675 |r 2026-02-21 20:32:34 |t č. 1-4 |w 2026-02-21 |y PREZ | ||
| 952 | |0 0 |1 0 |4 0 |7 0 |8 0 |a SNK |b SNK |d 2019-11-22 |f 1 |i snk2019/30263 |l 0 |o snkČSB 5154/21/2018 |p 17A1385067 |r 2026-02-21 20:43:59 |t č. 1-4 |w 2026-02-21 |y PREZ | ||
| 952 | |0 0 |1 0 |4 0 |7 0 |a SNK |b SNK |d 2005-03-02 |i snkČSP 2328/2001 |l 0 |o snkČSB 5154/3/2000 D1 |p 17A0459693 |r 2026-02-21 21:10:41 |t č. 1-4 |w 2026-02-21 |y PREZ | ||
| 952 | |0 0 |1 0 |4 0 |7 0 |a SNK |b SNK |d 2005-03-02 |f 1 |i snkČSP 2325/2001 |l 0 |o snkČSB 5154/2/1999 |p 17A0459506 |r 2026-02-21 21:10:41 |t č. 1-4 |w 2026-02-21 |y PREZ | ||
| 952 | |0 0 |1 0 |4 0 |7 0 |a SNK |b SNK |d 2005-03-02 |f 1 |i snkČSP 2331/2001 |l 0 |o snkČSB 5154/1/1998 |p 17A0459534 |r 2026-02-21 21:10:41 |t č. 1-4 |w 2026-02-21 |y PREZ | ||
| 952 | |0 0 |1 0 |4 0 |7 0 |8 0 |a SNK |b SNK |d 2009-08-24 |f 1 |i snk2009/15444 |l 0 |o snkČSB 5154/4/2001 |p 17A0609667 |r 2026-02-21 21:41:29 |t č. 1-4 |w 2026-02-21 |y PREZ | ||
| 952 | |0 0 |1 0 |4 0 |7 0 |8 0 |a SNK |b SNK |d 2009-08-24 |i snk2009/15445 |l 0 |o snkČSB 5154/4/2001 D1 |p 17A0609668 |r 2026-02-21 21:41:29 |t č. 1-4 |w 2026-02-21 |y PREZ | ||
| 952 | |0 0 |1 0 |4 0 |7 0 |8 0 |a SNK |b SNK |d 2009-08-24 |f 1 |i snk2009/15446 |l 0 |o snkČSB 5154/5/2002 |p 17A0609669 |r 2026-02-21 21:41:29 |t č. 1-4 |w 2026-02-21 |y PREZ | ||
| 952 | |0 0 |1 0 |4 0 |7 0 |8 0 |a SNK |b SNK |d 2009-08-24 |i snk2009/15449 |l 0 |o snkČSB 5154/5/2002 D1 |p 17A0609670 |r 2026-02-21 21:41:30 |t č. 1-4 |w 2026-02-21 |y PREZ | ||
| 952 | |0 0 |1 0 |4 0 |7 0 |8 0 |a SNK |b SNK |d 2009-08-24 |i snk2009/15453 |l 0 |o snkČSB 5154/6/2003 D1 |p 17A0609672 |r 2026-02-21 21:41:30 |t č. 1-4 |w 2026-02-21 |y PREZ | ||
| 952 | |0 0 |1 0 |4 0 |7 0 |8 0 |a SNK |b SNK |d 2009-08-24 |f 1 |i snk2009/15451 |l 0 |o snkČSB 5154/6/2003 |p 17A0609671 |r 2026-02-21 21:41:30 |t č. 1-4 |w 2026-02-21 |y PREZ | ||
| 952 | |0 0 |1 0 |4 0 |7 0 |8 0 |a SNK |b SNK |d 2009-08-24 |i snk2009/15463 |l 0 |o snkČSB 5154/7/2004 D1 |p 17A0609674 |r 2026-02-21 21:41:30 |t č. 1-4 |w 2026-02-21 |y PREZ | ||
| 952 | |0 0 |1 0 |4 0 |7 0 |8 0 |a SNK |b SNK |d 2009-08-24 |f 1 |i snk2009/15468 |l 0 |o snkČSB 5154/9/2006 |p 17A0609677 |r 2026-02-21 21:41:30 |t č. 1-4 |w 2026-02-21 |y PREZ | ||
| 952 | |0 0 |1 0 |4 0 |7 0 |8 0 |a SNK |b SNK |d 2009-08-24 |i snk2009/15470 |l 0 |o snkČSB 5154/9/2006 D1 |p 17A0609678 |r 2026-02-21 21:41:30 |t č. 1-4 |w 2026-02-21 |y PREZ | ||
| 952 | |0 0 |1 0 |4 0 |7 0 |8 0 |a SNK |b SNK |d 2009-08-24 |f 1 |i snk2009/15472 |l 0 |o snkČSB 5154/10/2007 |p 17A0609679 |r 2026-02-21 21:41:30 |t č. 1-4 |w 2026-02-21 |y PREZ | ||
| 952 | |0 0 |1 0 |4 0 |7 0 |8 0 |a SNK |b SNK |d 2009-08-24 |i snk2009/15473 |l 0 |o snkČSB 5154/10/2007 D1 |p 17A0609680 |r 2026-02-21 21:41:31 |t č. 1-4 |w 2026-02-21 |y PREZ | ||
| 952 | |0 0 |1 0 |4 0 |7 0 |8 0 |a SNK |b SNK |d 2018-10-23 |f 1 |i snk2018/21754 |l 0 |o snkČSB 5154/17/2014 |p 17A1325790 |r 2026-02-21 21:58:08 |t č. 1-4 |w 2026-02-21 |y PREZ | ||
| 952 | |0 0 |1 0 |4 0 |7 0 |8 0 |a SNK |b SNK |d 2018-10-23 |f 1 |i snk2018/21755 |l 0 |o snkČSB 5154/18/2015 |p 17A1325791 |r 2026-02-21 21:58:08 |t č. 1-4 |w 2026-02-21 |y PREZ | ||
| 952 | |0 0 |1 0 |4 0 |7 0 |8 0 |a SNK |b SNK |d 2018-10-23 |f 1 |i snk2018/21757 |l 0 |o snkČSB 5154/19/2016 |p 17A1325792 |r 2026-02-21 21:58:10 |t č. 1-4 |w 2026-02-21 |y PREZ | ||
| 952 | |0 0 |1 0 |4 0 |7 0 |8 0 |a SNK |b SNK |d 2018-10-23 |f 1 |i snk2018/21762 |l 0 |o snkČSB 5154/20/2017 |p 17A1325793 |r 2026-02-21 21:58:10 |t č. 1-4 |w 2026-02-21 |y PREZ | ||
| 952 | |0 0 |1 0 |4 0 |7 0 |8 0 |a SNK |b SNK |d 2018-10-23 |i snk2018/21770 |l 0 |o snkČSB 5154/17/2014 D1 |p 17A1325794 |r 2026-02-21 21:58:10 |t č. 1-4 |w 2026-02-21 |y PREZ | ||
| 952 | |0 0 |1 0 |4 0 |7 0 |8 0 |a SNK |b SNK |d 2018-10-23 |i snk2018/21771 |l 0 |o snkČSB 5154/18/2015 D1 |p 17A1325795 |r 2026-02-21 21:58:11 |t č. 1-4 |w 2026-02-21 |y PREZ | ||
| 952 | |0 0 |1 0 |4 0 |7 0 |8 0 |a SNK |b SNK |d 2018-10-23 |i snk2018/21773 |l 0 |o snkČSB 5154/19/2016 D1 |p 17A1325796 |r 2026-02-21 21:58:11 |t č. 1-4 |w 2026-02-21 |y PREZ | ||
| 952 | |0 0 |1 0 |4 0 |7 0 |8 0 |a SNK |b SNK |d 2018-10-23 |i snk2018/21775 |l 0 |o snkČSB 5154/20/2017 D1 |p 17A1325797 |r 2026-02-21 21:58:11 |t č. 1-4 |w 2026-02-21 |y PREZ | ||
| 952 | |0 0 |1 0 |4 0 |7 0 |8 0 |a SNK |b SNK |d 2019-11-22 |i snk2019/30264 |l 0 |o snkČSB 5154/21/2018 D1 |p 17A1385066 |r 2026-02-21 22:09:56 |t č. 1-4 |w 2026-02-21 |y PREZ | ||


